000 00661nam a2200217 i 4500
001 17188
003 ES-MaACL
005 20250826082715.0
007 t|
008 010117s1990 sp ||||1| spa d
080 _a929 Tejera Afonso, Antonio
100 1 _aSosa Campos, Jorge Luis.
_9107440
245 1 0 _aAntoñé /
_cJorge Luis Sosa Campos.
250 _a1ª ed.
260 _aSanta Cruz de Tenerife :
_bC.N.T.-A.I.T.,
_c1990.
300 _a40 p. :
_bil. ;
_c21 cm.
600 1 4 _aTejera Afonso, Antonio.
_9109585
710 2 _aConfederación Nacional del Trabajo (España)
_93165
852 _aES-MaACL
_j2161-F-28
_bR.126931
999 _c17188
_d17188